000 00560nam a2200193Ia 4500
005 20250326141806.0
008 250326s9999 xx 000 0 und d
020 _a0-13-452831-X
037 _aTextbook
040 _aFMSL
_beng
_cFMSL
041 _aeng
_2eng
084 _aX:86 M8
_qFMSL
100 _aSpinner M Pete
_9452027
245 0 _aImproving project management skills and techniques
_cSpinner M Pete
260 _aNew Jersey
_bNew Jersey, Prentice Hall
_c1988
300 _axi,305
942 _cTB
_hX:86 M8
999 _c1291988
_d1291988